[Event "Steinfurt Bezirksliga 1718"]
[Site "Germany"]
[Date "2017.12.02"]
[Round "3.6"]
[White "Meier, Josef"]
[Black "Jonas, Robert"]
[Result "0-1"]
[WhiteElo "1311"]
[BlackElo "1652"]
[PlyCount "57"]
[EventDate "2017.09.23"]
[EventType "team-tourn"]
[EventRounds "7"]
[EventCountry "GER"]
[SourceTitle "EXT 2019"]
[Source "ChessBase"]
[SourceDate "2018.10.10"]
[SourceVersion "1"]
[SourceVersionDate "2018.10.10"]
[SourceQuality "1"]
[WhiteTeam "Steinfurt III"]
[BlackTeam "Ibbenbueren"]
[WhiteTeamCountry "GER"]
[BlackTeamCountry "GER"]

1. f4 d5 2. Nf3 Nf6 3. e3 e6 4. Be2 c5 5. b3 Be7 6. Bb2 0-0 7. 0-0 Nc6 8. Ne5 d4 9. Nxc6 bxc6 10. Bf3 Bb7 11. e4 Qc7 12. e5 Nd5 13. Bxd5 cxd5 14. d3 Qc6 15. Nd2 Rad8 16. Nf3 h6 17. a4 a5 18. Ba3 Rd7 19. Qd2 Qc7 20. Rac1 Qb6 21. Bb2 f5 22. Qf2 Rfd8 23. Ba3 Rc7 24. Qd2 Rdc8 25. Qe1 Bc6 26. Rd1 Be8 27. Bc1 Bh5 28. Bd2 Ra8 29. Rc1 0-1

[Event "Steinfurt Bezirksliga 1516"]
[Site "Germany"]
[Date "2016.02.20"]
[Round "6.6"]
[White "Meier, Josef"]
[Black "Thomann, Henning"]
[Result "0-1"]
[WhiteElo "1260"]
[BlackElo "1149"]
[PlyCount "50"]
[EventDate "2015.09.19"]
[EventType "team-tourn"]
[EventRounds "9"]
[EventCountry "GER"]
[SourceTitle "EXT 2017"]
[Source "ChessBase"]
[SourceDate "2016.10.25"]
[SourceVersion "1"]
[SourceVersionDate "2016.10.25"]
[SourceQuality "1"]
[WhiteTeam "Steinfurt III"]
[BlackTeam "Neuenkirchen II"]
[WhiteTeamCountry "GER"]
[BlackTeamCountry "GER"]

1. f4 d5 2. Nf3 Nc6 3. e3 Nf6 4. Be2 Bf5 5. 0-0 e6 6. c3 Bd6 7. Bb5 Qd7 8. Qa4 0-0 9. Bxc6 Qxc6 10. Qxc6 bxc6 11. Nd4 Bd3 12. Re1 c5 13. Nf3 Rab8 14. Ne5 Bxe5 15. fxe5 Ne4 16. a3 Rb3 17. a4 a5 18. Na3 c6 19. g3 f6 20. exf6 Rxf6 21. Nb1 c4 22. Na3 g5 23. Nb1 g4 24. Ra3 Bxb1 25. Rxb3 cxb3 0-1

[Event "Steinfurt Bezirksliga 1516"]
[Site "Germany"]
[Date "2015.11.28"]
[Round "3.7"]
[White "Meier, Josef"]
[Black "Holtmannspoetter, Michael"]
[Result "0-1"]
[WhiteElo "1260"]
[BlackElo "1591"]
[PlyCount "86"]
[EventDate "2015.09.19"]
[EventType "team-tourn"]
[EventRounds "9"]
[EventCountry "GER"]
[SourceTitle "EXT 2017"]
[Source "ChessBase"]
[SourceDate "2016.10.25"]
[SourceVersion "1"]
[SourceVersionDate "2016.10.25"]
[SourceQuality "1"]
[WhiteTeam "Steinfurt III"]
[BlackTeam "Reckenfeld"]
[WhiteTeamCountry "GER"]
[BlackTeamCountry "GER"]

1. f4 d5 2. Nf3 Nc6 3. e3 a6 4. Be2 Bf5 5. d3 h6 6. b3 e6 7. Bb2 Qd7 8. Nbd2 0-0-0 9. 0-0 f6 10. Rc1 g5 11. Nd4 Nxd4 12. Bxd4 gxf4 13. exf4 c5 14. Bf2 Bd6 15. Bg4 Ne7 16. g3 Rdg8 17. Bxf5 Nxf5 18. Be1 Ne3 19. Qf3 Nxf1 20. Kxf1 h5 21. Bf2 h4 22. Ke2 hxg3 23. hxg3 Qg7 24. Nf1 Qg4 25. d4 Qxf3+ 26. Kxf3 cxd4 27. Bxd4 e5 28. fxe5 fxe5 29. Bf2 e4+ 30. Kg2 Be5 31. Rd1 Rd8 32. Bd4 Bxd4 33. Rxd4 Kc7 34. Ne3 Kc6 35. g4 b5 36. b4 Rh7 37. a3 Rf7 38. Nf5 Re8 39. Kf2 e3+ 40. Ke2 Re4 41. Rxe4 dxe4 42. Kxe3 Kd5 43. c4+ bxc4 0-1